=LDR 00000nam 2200000 4500 =001 NUTBA000000000001391 =005 20140423175247.0 =006 =007 =008 =035 ##$$0010-041400000000661 =082 ##$$a 567.9 =090 ##$$a 567.9 $b cam.b =100 ##$$a mamillia de la bedoyere $t book of life reptilia & amfibi =245 ##$$a book of life reptilia & amfibi =260 ##$$a Jakarta $b pakar raya $c 2013 =300 ##$$a 62 hlm $b illus $c 26 cm =850 ##$$a NBPBMAT =990 ##$$a 21195008/BPAP-NTB/2014 =990 ##$$a 21602531/BPAP-NTB/2017 =990 ##$$a 21602757/BPAP-NTB/2017